000 00435cam a2200181ua 4500
001 10363
008 180623n ii |||gr||||Z||||||hin
040 _cMAIN
041 _ahin
082 _a891.432
100 _aPrasad, Jayshankar,
_eAuthor.
245 _aDhrubaswamini
_cBy Jayshankar Prasad
250 _a2nd rep.
260 _aDibrugarh:
_bMahaveer publications,
_c2015.
300 _a64p.
653 _aHindi drama
942 _cBK
999 _c9353
_d9353